000 00542nam a2200193Ia 4500
999 _c32480
_d32480
003 OSt
005 20201008112030.0
008 190216s9999||||xx |||||||||||||| ||und||
020 _a9781584886181
040 _coclc
082 _a003.54
_bMOL/I
100 _a Mollin, Richard A
_93865
245 3 _aAn Introduction To Cryptography /
_cRichard A Mollin
250 _a2nd Ed.
260 _bCrc Press,
_c2015.
_aLondon:
300 _a414p
650 _aMathe Matics
942 _cBK
_2ddc
_h003.54
_iMOL/I
_k003.54
_mMOL/I